| 000 | 00524nam a2200181Ia 4500 | ||
|---|---|---|---|
| 003 | GCL | ||
| 008 | 140319s9999 xx 000 0 eng d | ||
| 040 |
_aGCL / _cGCL |
||
| 082 | 0 | 4 |
_a522.7 _bK E |
| 100 | 1 | _aKALER, JAMES B | |
| 245 | 1 | 0 |
_aTHE EVER - CHANGING SKY: A GUIDE TO THE CELESTIAL SPHERE / _cKALER, JAMES B |
| 260 |
_a[S.N] : _bCAMBRIDGE UNIVERSITY PRESS ، _c1996 |
||
| 300 | _a495 P | ||
| 650 | 0 | 4 | _aالادب السويسرى |
| 650 | 0 | 4 | _aSPHERICAL ASTRONOMY |
| 650 | 0 | 4 | _aCELESTIAL SPHERE |
| 942 |
_2ddc _cBK |
||
| 999 |
_c15823 _d15823 |
||